Responses for show #7624 - Thursday, November 2, 2017

Contestants

Kelvin Smith, a PhD student from Birmingham, Alabama

Monica Ashar, an attorney from Washington, D.C.

Jenny Wrigley, a yoga instructor from Olive Branch, Mississippi (whose 1-day cash winnings total $22,401)

Jeopardy! Round responses

LET'S EXPLORE
HERBS
LITERATURE FOR THE YOUNG
THE "RIGHT" STUFF
HEAVENLY BODIES
ENTERTAINMENT TONIGHT TRAVELS THROUGH TIME
(Kevin Frazier: Some of history's biggest stories.) (Nancy O'Dell: ET style.)
    $200 1
Buzz Aldrin

Monica
    $200 23
parsley

Monica
    $200 4
The Princess Diaries

Jenny
    $200 2
a playwright

Jenny
    $200 16
stars

Monica
    $200 22
Star Wars

Monica
    $400 12
(Kelvin: What is Apollo?)

Star Trek, the Enterprise

JennyKelvin
    $400 24
(Monica: What is mint?)

bay leaf

JennyMonica
    $400 6
the Hardy Boys

Jenny
    $400 3
a birthright

Monica
    $400 17
constellations

Jenny
    $400 28
the Wicked Witch of the East

Jenny
    $600 13
San Francisco

Jenny
    $600 25
wasabi

Jenny
    $600 7
Wilbur

Monica
    $600 5
copyrights

Monica
    $2,000 18
(Jenny: What are nebulas?)
[Originally ruled incorrect; ruled correct before the start of Double Jeopardy!]

galaxies (or nebulas)

Jenny
    $600 29
J.R.

Kelvin
    $800 14
Dora (the Explorer)

Monica
    $800 26
(Monica: What is a scallion?)

chives

JennyMonica
    $800 8
(Jenny: What is The Reindeer Express?)

The Polar Express

JennyMonica
    $800 10
a shipwright (or boatwright)

Monica
    $800 19
moons

Jenny
    $800 21
Marlon Brando

Triple Stumper
    $1000 15
Corps of Discovery

Triple Stumper
    $1000 27
savory

Triple Stumper
    $1000 9
Flicka

Monica
    $1000 11
sprightly

Jenny
    $1000 20
comets

Kelvin
    $1000 30
Tone Loc

Triple Stumper

Scores at the first commercial break (after clue 15):

Jenny Monica Kelvin
$2,000 $5,200 -$400

Scores at the end of the Jeopardy! Round:

Jenny Monica Kelvin
$7,400 $4,600 $1,200

Double Jeopardy! Round responses

CHAIR FORCE
WHERE'D YOU DISAPPEAR TO?
OOH, GOETHE GUMDROPS
5-LETTER WORDS
BASEBALL RECORDS
BRIDGE ACROSS THE "C"
    $400 7
rocking chairs

Jenny
    $400 10
Amelia Earhart

Monica
    $400 2
gorge

Monica
    $400 13
(Monica: What is the Colorado?)

the Columbia

MonicaKelvin
    $800 8
(Jenny: What is a recliner?)
...
(Alex: Howard Hawks was a famous movie director, so he used [*].)

a director's chair

Jenny
Triple Stumper
    $800 20
Jimmy Hoffa

Jenny
    $800 3
snafu

Monica
    $800 22
(Kelvin: What is "Take Me Out To The Ball Game"?)

"Centerfield"

Kelvin
Triple Stumper
    $800 24
[The end-of-round signal sounds.]

the Chesapeake

Jenny
    $1200 9
a club chair

Triple Stumper
    $1200 16
(Solomon) Northup

Kelvin
    $1200 4
zippo

Jenny
    $1200 21
(Alex: Less than a minute.)

the Seattle Mariners

Triple Stumper
    $1,000 23
the Congo

Jenny
    $1600 11
(Jenny: What is a kitchen?)
(Monica: What is a bedroom?)
...
(Alex: In order to get up there and grab the books.)

the library

JennyMonica
Triple Stumper
    $1600 15
Virginia Dare

Jenny
    $1600 19
Sturm und Drang

Monica
    $1600 5
dandy

Monica
    $1600 18
"The Boys Of Summer"

Triple Stumper
    $1600 1
the Charles

Monica
    $1,200 12
(Monica: Oh, who is...)
(Alex: Hurry.)
(Monica: No.)

Thomas Chippendale

Monica
    $2000 17
Aaron Burr

Triple Stumper
    $2000 6
sabot

Jenny
    $2000 14
the Colorado

Kelvin

Scores at the end of the Double Jeopardy! Round:

Jenny Monica Kelvin
$12,800 $7,800 $4,000

[wagering suggestions for these scores]

Final Jeopardy! Round responses

U.S. HISTORY
(Alex: John Tyler and Richard Nixon were two of the men, but they did not share the same last name.)
...
(Alex: [To Monica] Andrew [*] and Lyndon Baines [*].)
KelvinWhat is Clinton
$1,199
MonicaWhat is Harri Johnson
$5,001
JennyWhat is Adams?
$2,801
Johnson

Final scores:

Jenny Monica Kelvin
$9,999 $12,801 $2,801
2nd place: $2,000 New champion: $12,801 3rd place: $1,000

Game dynamics:

Coryat scores:

Jenny Monica Kelvin
$11,600 $9,000 $4,000
20 R
(including 2 DDs),
3 W
17 R,
5 W
(including 1 DD)
5 R,
2 W

Combined Coryat: $24,600

The J! Archive is created by fans, for fans. The Jeopardy! game show and all elements thereof, including but not limited to copyright and trademark thereto, are the property of Jeopardy Productions, Inc. and are protected under law. This website is not affiliated with, sponsored by, or operated by Jeopardy Productions, Inc. Join the discussion at JBoard.tv.